00924cam a22002171 4500001001300000003000400013005001700017008004100034010001700075035001900092040004500111050001600156100003000172245009900202260014700301300001700448505013500465650003600600700001900636710005100655s 30000012 DLC20260227111911.0760113m19281929ua 000 0 fre c as 30000012  a(OCoLC)1923299 aSmithsonian InstitutioncTxUdOCoLCdDLC00aZ3656b.L871 aLorin, Henri,d1866-1932.10aBibliographie géographique de l'Égypte,cpubliée sous la direction de M. Henri Lorin ... a[Cairo?]bL'Impr. de l'Institut français d'archéologie orientale du Caire pour la Société royale de géographie d'Égypte,c1929-29. a2 v.c28 cm.0 av. 1. Géographie physique et géographie humaine, par Henriette Agrel & others]--v. 2. Geographie historique, par Henri Munier. 0aGeographyzEgyptxBibliography.1 aMunier, Henri.2 aSociété royale de géographie d'Égypte.